| 000 | 00505cam a2200193ua 4500 | ||
|---|---|---|---|
| 001 | 6162 | ||
| 005 | 20260515114011.0 | ||
| 008 | 131125n ii |||gr||||Z||||||eng | ||
| 040 | _cMAIN | ||
| 082 | _a657.046 | ||
| 245 |
_aAdvanced Accounts : _bVolume II / _cBy M.C. Shukla . |
||
| 260 |
_aNew Delhi: _bS. Chand & Company LTD, _c1989. |
||
| 300 | _ax,410p. | ||
| 653 | _aAccounting | ||
| 653 | _aAdvanced accounts | ||
| 700 |
_aShukla,M.C., _eAuthor., |
||
| 700 |
_aGrewal,T.S., _eAuthor. |
||
| 942 | _cBK | ||
| 999 |
_c5309 _d5309 |
||